01164nab a22002417a 450000500170000000800410001704000250005804100080008304400070009111000480009824500340014624600330018026000870021330000420030050400420034250501020038452002050048665000330069165000310072465000170075570000230077277301270079520150806104819.0150805b1978 ck |||||r|||| 00| 0 spa d aCO-BoIAVHcCO-BoIAVH0 aspa ack1 aUniversidad del Tolimab, Grupo ecológico1 aFuga de 30.000 micos maiceros1 aFuga de 30000 micos maiceros3 aIbagué (Colombia):bCentro de publicaciones de la Universidad del Tolima,c1978. aVol.1, Nro. 11, Año 1978, Pag. 1-2. aIncluye referencias bibliográficas. aEl carnero. El mico maicero. Necesidad de investigación. Su hábitat. Despilfarro del recurso. aEl caso de la explotación que se hace en Colombia del mico maicero, del cual se exportan anualmente 30000 ejemplares y otros tantos mueren, bien en la cacería, bien como cebo, o bien para consumo. 4aMico maiceroxConservación 4aMico maiceroxProtección 6aCebus apella1 aIdrobo, Jesús M.0 aUniversidad del Tolima-dIbagué (Colombia): Centro de publicaciones de la Universidad del Tolima, 1977.tSOS ecológico